00563 a2200157 4500020001500000020001800015040001300033082000800046100001800054245005900072260003200131300003300163650002600196856009100222856009200313 a1846280214 a9781846280214 aDLCbDLC00a0041 aMills, Bruce,10aTheoretical introduction to programming cBruce Mills. aLondon :bSpringer,cc2006. axi, 358 p. :bill. ;c24 cm. 0aComputer programming.423Publisher descriptionuhttp://www.loc.gov/catdir/enhancements/fy0663/2005926335-d.html423Table of contents onlyuhttp://www.loc.gov/catdir/enhancements/fy0824/2005926335-t.html